Statistics for Famous Animals Quiz #2

Click here to take the quiz!

General Stats

  • This quiz has been taken 46,295 times
    (33,823 since last reset)
  • The average score is 16 of 24

Answer Stats

Animal Type % Correct
BambiDeer
98%
PlutoDog
98%
PorkyPig
97%
Moby DickSperm Whale
89%
SylvesterCat
88%
JiminyCricket
84%
MichelangeloTurtle
79%
Speedy GonzalesMouse
78%
BlitzenReindeer
77%
ThumperRabbit
76%
AslanLion
74%
TazTasmanian Devil
71%
Wile E.Coyote
70%
FozzieBear
66%
Boo-BooBear
59%
Foghorn LeghornRooster
58%
DaleChipmunk
58%
BabarElephant
58%
Ling LingGiant Panda
57%
WoodstockBird
54%
HobbesTiger
51%
PonyoGoldfish
26%
Ranger RickRaccoon
18%
General WoundwortRabbit
13%

Score Distribution

Percentile by Number Answered

Percent of People with Each Score

Your Score History

You have not taken this quiz since the last reset